Amendment to supplementary code of fair competition for the complete wire and iron fence industry (a division of the fabricated metal products manufacturing and metal finishing and metal coating industry) as approved on January 22, 1935 /

Bibliographic Details
Corporate Author: United States. National Recovery Administration (Author)
Format: Government Document eBook
Language:English
Published: Washington, D.C. : United States Government Printing Office, 1935.
Subjects:
Online Access:https://purl.fdlp.gov/GPO/gpo34525

MARC

Tag First Indicator Second Indicator Subfields
LEADER 00000cam a2200000 i 4500
001 in00003234721
005 20211120171047.0
006 m o d f
007 cr bn|||||||||
008 130301s1935 dcu o f000 0 eng c
035 |a (OCoLC)ocn828734017 
040 |a GPO  |b eng  |e rda  |c GPO  |d MvI  |d UtOrBLW 
043 |a n-us--- 
049 |a WWW 
074 |a 9999 (online) 
086 0 |a Y 3.N 21/8:7/1113-01/AMEND.1 
110 1 |a United States.  |b National Recovery Administration,  |e author. 
245 1 0 |a Amendment to supplementary code of fair competition for the complete wire and iron fence industry (a division of the fabricated metal products manufacturing and metal finishing and metal coating industry) as approved on January 22, 1935 /  |c National Recovery Administration. 
246 3 0 |a Complete wire and iron fence industry 
264 1 |a Washington, D.C. :  |b United States Government Printing Office,  |c 1935. 
300 |a 1 online resource (5 pages) 
336 |a text  |b txt  |2 rdacontent 
337 |a computer  |b c  |2 rdamedia 
338 |a online resource  |b cr  |2 rdacarrier 
500 |a Title from title screen (viewed on Mar. 1, 2013). 
500 |a "Registry Number 1113-01." 
500 |a "Approved Code Number 84L1--Amendment Number 1." 
500 |a Publication pre-dates item numbers. No item number has been assigned. 
650 0 |a Fence industry  |x Law and legislation  |z United States. 
650 0 |a Wire fencing. 
650 0 |a Iron. 
776 0 8 |i Print version:  |a United States. National Recovery Administration.  |t Amendment to supplementary code of fair competition for the complete wire and iron fence industry (a division of the fabricated metal products manufacturing and metal finishing and metal coating industry) as approved on January 22, 1935  |w (OCoLC)658201653 
856 4 0 |u https://purl.fdlp.gov/GPO/gpo34525  |t 0 
999 |a MARS 
999 f f |s 9ae51025-40e5-3b4e-b28b-c7ae88b9ab72  |i a8a7a554-c915-314a-b003-981674c61e74  |t 0 
952 f f |a Texas A&M University  |b College Station  |c Electronic Resources  |d Available Online  |t 0  |e Y 3.N 21/8:7/1113-01/AMEND.1  |h Superintendent of Documents classification 
998 f f |a Y 3.N 21/8:7/1113-01/AMEND.1  |t 0  |l Available Online